[Event "CCSCSL Inv GM 2014"]
[Site "Saint Louis USA"]
[Date "2014.05.31"]
[Round "7.5"]
[White "Chandra,Akshat"]
[Black "Boros,De"]
[Result "0-1"]
[WhiteTitle "IM"]
[BlackTitle "GM"]
[WhiteElo "2440"]
[BlackElo "2474"]
[WhiteFideId "25006711"]
[BlackFideId "722340"]
[EventDate "2014.05.28"]

1. d4 Nf6 2. c4 e6 3. Nf3 b6 4. g3 c6 5. Bg2 Be7 6. O-O d5 7. Qc2 O-O 8. Bf4 Bb7
9. Rd1 Nbd7 10. Nc3 Nh5 11. Bc1 Nhf6 12. b3 Ba6 13. Nd2 b5 14. e4 dxc4 15. bxc4
bxc4 16. Na4 c5 17. dxc5 Nxc5 18. Nxc4 Qc8 19. Ba3 Bxc4 20. Qxc4 Nxa4 21. Qxa4
Bxa3 22. Qxa3 e5 23. Rac1 Qb7 24. Rc5 Rfe8 25. Qa5 Qb6 26. Qc3 Qe6 27. a4 h6 28.
Bf3 Rab8 29. Rc6 Qa2 30. a5 Rb3 31. Qc4 Qb2 32. Rxf6 gxf6 33. Rd7 Rf8 34. Bh5
Rb7 35. Bxf7+ Kg7 36. Rxb7 Qxb7 37. Bd5 0-1

[Event "CCSCSL Inv GM 2014"]
[Site "Saint Louis USA"]
[Date "2014.05.31"]
[Round "8.1"]
[White "Boros,De"]
[Black "Troff,Kayden W"]
[Result "1/2-1/2"]
[WhiteTitle "GM"]
[BlackTitle "IM"]
[WhiteElo "2474"]
[BlackElo "2484"]
[WhiteFideId "722340"]
[BlackFideId "2047896"]
[EventDate "2014.05.28"]

1. d4 Nf6 2. c4 g6 3. Nc3 d5 4. cxd5 Nxd5 5. e4 Nxc3 6. bxc3 Bg7 7. Bc4 c5 8.
Ne2 O-O 9. Be3 Nc6 10. O-O Bd7 11. Rb1 Qc7 12. Bf4 e5 13. Bg3 Kh8 14. Bd5 Rab8
15. dxe5 Nxe5 16. f4 Ng4 17. f5 Be5 18. fxg6 hxg6 19. Bxf7 Kg7 20. Qd5 Bxg3 21.
Nxg3 Ne5 22. Be6 Bxe6 23. Qxe6 Rbe8 24. Qd5 b6 25. Rxf8 Rxf8 26. Rd1 Rf6 27. Rf1
Rxf1+ 28. Nxf1 b5 29. Nd2 b4 30. cxb4 cxb4 31. Qd4 Qc3 32. Qxa7+ Kh6 33. Nf1 Qc4
34. h3 Qxe4 35. Qe3+ Qxe3+ 36. Nxe3 Nd3 37. Nc2 Kg5 38. g3 Kf5 39. Kg2 Ke4 40.
h4 Kf5 41. Kh3 Nf2+ 42. Kg2 Nd3 43. Kf3 Ne5+ 44. Ke3 Kg4 45. Kd4 Nd7 46. Nxb4
Kxg3 47. a4 Kxh4 48. a5 Nb8 49. a6 1/2-1/2

[Event "CCSCSL Inv GM 2014"]
[Site "Saint Louis USA"]
[Date "2014.05.31"]
[Round "8.4"]
[White "Priyadharshan,K"]
[Black "Sevian,Samuel"]
[Result "0-1"]
[WhiteTitle "IM"]
[BlackTitle "IM"]
[WhiteElo "2420"]
[BlackElo "2446"]
[WhiteFideId "5018293"]
[BlackFideId "2040506"]
[EventDate "2014.05.28"]

1. e4 e5 2. Nf3 Nc6 3. Bb5 a6 4. Ba4 Nf6 5. O-O Be7 6. Re1 b5 7. Bb3 O-O 8. a4
b4 9. d3 d6 10. a5 Be6 11. Nbd2 Rb8 12. Nc4 Nd7 13. Be3 Qc8 14. Nfd2 Bf6 15. Qf3
Ne7 16. Qg3 Ng6 17. Nf3 Qd8 18. Ng5 Bxg5 19. Bxg5 Qe8 20. Nd2 Nc5 21. Bc4 Bxc4
22. Nxc4 Ne6 23. Bd2 Ngf4 24. Ne3 Kh8 25. Qg4 Nd4 26. g3 Nfe6 27. Qd1 f5 28.
exf5 Qc6 29. fxe6 Nf3+ 30. Kf1 Nxh2+ 31. Kg1 Nf3+ 32. Kf1 Nh2+ 33. Kg1 Nf3+ 34.
Kf1 Nxd2+ 35. Qxd2 Qh1+ 36. Ke2 Qf3+ 37. Kf1 Qh1+ 38. Ke2 Rxf2+ 39. Kd1 Rxd2+
40. Kxd2 Qh6 41. Rh1 Qxe6 42. Raf1 h6 43. g4 Kg8 44. g5 Rf8 45. gxh6 Rxf1 46.
h7+ Kh8 47. Nxf1 Qf5 48. Ke1 e4 49. d4 Qxa5 50. Ng3 Qa1+ 51. Ke2 Qxb2 52. Nxe4
Qxd4 53. Kf3 Qe5 54. Ng3 Qc3+ 55. Kf4 Qd2+ 56. Kg4 Qxc2 0-1

[Event "CCSCSL Inv GM 2014"]
[Site "Saint Louis USA"]
[Date "2014.05.31"]
[Round "8.5"]
[White "Bartholomew,J"]
[Black "Chandra,Akshat"]
[Result "1/2-1/2"]
[WhiteTitle "IM"]
[BlackTitle "IM"]
[WhiteElo "2461"]
[BlackElo "2440"]
[WhiteFideId "2019353"]
[BlackFideId "25006711"]
[EventDate "2014.05.28"]

1. d4 Nf6 2. c4 e6 3. Nc3 Bb4 4. Qc2 O-O 5. Nf3 c5 6. dxc5 Na6 7. g3 Nxc5 8. Bg2
Nce4 9. O-O Nxc3 10. bxc3 Be7 11. e4 d6 12. e5 dxe5 13. Nxe5 Qc7 14. Qe2 Bd6 15.
Bf4 Ne8 16. Rab1 f6 17. Nd3 Qxc4 18. Qd2 Qc7 19. Be3 Be7 20. a4 Nd6 21. Qa2 Qc4
22. Qxc4 Nxc4 23. Bxb7 Nxe3 24. fxe3 Rb8 25. Bc6 Ba6 26. Bb5 Bxb5 27. axb5 Rfd8
28. Rfd1 Rbc8 29. Rb3 e5 30. Kf1 e4 31. Nb2 Rxd1+ 32. Nxd1 Kf7 33. g4 g6 34. Ke2
h5 35. gxh5 gxh5 36. b6 axb6 37. Rxb6 Rg8 38. Kf1 f5 39. Rb5 Ke6 40. Rb6+ Kf7
41. Rb5 Ke6 42. Rb6+ Kd5 43. Rb7 Ke6 1/2-1/2

[Event "CCSCSL Inv GM 2014"]
[Site "Saint Louis USA"]
[Date "2014.06.01"]
[Round "9.1"]
[White "Chandra,Akshat"]
[Black "Priyadharshan,K"]
[Result "1-0"]
[WhiteTitle "IM"]
[BlackTitle "IM"]
[WhiteElo "2440"]
[BlackElo "2420"]
[WhiteFideId "25006711"]
[BlackFideId "5018293"]
[EventDate "2014.05.28"]

1. d4 Nf6 2. c4 e6 3. Nf3 d5 4. Nc3 c6 5. cxd5 exd5 6. Bg5 Be7 7. Qc2 O-O 8. e3
Ne4 9. Bxe7 Qxe7 10. Bd3 f5 11. O-O Nd7 12. Rab1 a5 13. a3 Ndf6 14. b4 axb4 15.
axb4 Ra3 16. Rb3 Rxb3 17. Qxb3 Nxc3 18. Qxc3 Ne4 19. Qb2 f4 20. exf4 Rxf4 21.
Ne5 Nd6 22. Re1 Qd8 23. g3 Rf6 24. f3 Bf5 25. Bf1 h5 26. Qc3 Be6 27. Qc5 h4 28.
g4 Nf7 29. Qc1 Qb6 30. Qd2 Nd8 31. f4 Bc8 32. f5 Nf7 33. Ng6 Nd6 34. Ne7+ Kf8
35. Ng6+ Kg8 36. Kh1 Ne4 37. Rxe4 dxe4 38. Bc4+ 1-0

[Event "CCSCSL Inv GM 2014"]
[Site "Saint Louis USA"]
[Date "2014.06.01"]
[Round "9.3"]
[White "Troff,Kayden W"]
[Black "Bartholomew,J"]
[Result "1-0"]
[WhiteTitle "IM"]
[BlackTitle "IM"]
[WhiteElo "2484"]
[BlackElo "2461"]
[WhiteFideId "2047896"]
[BlackFideId "2019353"]
[EventDate "2014.05.28"]

1. d4 d5 2. c4 c6 3. Nf3 Nf6 4. e3 Bf5 5. Nc3 e6 6. Nh4 Bg6 7. Nxg6 hxg6 8. Bd3
Nbd7 9. h3 Bd6 10. O-O a6 11. c5 Bc7 12. f4 Nh5 13. Qf3 f5 14. g4 Nhf6 15. g5
Ne4 16. Bxe4 dxe4 17. Qg2 e5 18. fxe5 Rh5 19. Kh1 Rxg5 20. Qh2 Qe7 21. Ne2 Rh5
22. Rg1 Rh6 23. Bd2 O-O-O 24. Bc3 g5 25. Rg3 Rdh8 26. Rf1 Qe6 27. Ng1 Nf6 28.
Rxg5 f4 29. Qxf4 Nd5 30. Qf5 Qxf5 31. Rgxf5 Bd8 32. Rf8 Nxe3 33. e6 Rxe6 34.
Rxh8 Nxf1 35. Ba5 1-0